000 00736nam a2200181Ia 4500
008 151018s9999 xx 000 0 und d
082 _bRBASDV27736
_a610
100 _aश्रीधर नार्वेकर
245 _aनिरोगी वैवाहिक संबध समस्या
250 _b1
260 _bमनोविकास प्रकाशन पुणे
_c1996
300 _a160
600 _aश्रीधर नार्वेकर
630 _aनिरोगी वैवाहिक संबध समस्या
700 _aश्रीधर नार्वेकर
730 _aनिरोगी वैवाहिक संबध समस्या
942 _cBOOK
999 _c1027325
_d1027322